|
|
|
|
| LEADER |
00000nam a2200000 a 4500 |
| 001 |
vtls001224499 |
| 003 |
SK-MaSNL |
| 005 |
20260302020306.0 |
| 008 |
251113s1996 HU 0 hun |
| 020 |
|
|
|a 963 7412 611
|c [110,00]
|
| 035 |
|
|
|a SNK000171025
|
| 040 |
|
|
|a SNK
|b slo
|c SNK
|e AACR2
|
| 044 |
|
|
|a HU
|
| 080 |
|
|
|a 894.511-32
|2 1981
|
| 100 |
1 |
|
|a Déry, Tibor,
|d 1894-1977
|4 aut
|9 186833
|
| 245 |
1 |
|
|a Lia
|b korai elbeszélések 1915-1920
|c Déry Tibor ; Sajtó alá rendezte: Botka Ferenc
|
| 260 |
|
|
|a Budapest
|b Petőfi Irodalmi Múzeum
|c 1996
|
| 300 |
|
|
|a 212 s.
|c 23 cm
|
| 490 |
1 |
|
|a Déry archivum
|x 1219-2023
|v 1
|
| 650 |
0 |
7 |
|a literatúra maďarská
|x novely
|2 SNK
|9 521410
|
| 650 |
0 |
7 |
|a maďarské novely
|2 SNK
|9 467254
|
| 700 |
1 |
|
|a Botka, Ferenc
|4 zos
|9 283053
|
| 830 |
|
0 |
|a Déry archivum
|9 283054
|
| 919 |
|
|
|a 963 7412 611
|
| 999 |
|
|
|c 1024557
|d 1026487
|
| 952 |
|
|
|t P60, <04>, [BOOK], {604}
|a SNK
|b SNK
|y VYP
|7 0
|p 17A0021777
|o snkIC 126172
|i snkV 2162/96
|0 0
|1 0
|4 0
|d 1996-11-27
|l 0
|r 2005-01-01 00:00:00
|w 2026-02-24
|